Normal view
MARC view
Entry Topical Term
001 - CONTROL NUMBER
- control field: 26794
003 - CONTROL NUMBER IDENTIFIER
- control field: ARRUPE
005 - DATE AND TIME OF LATEST TRANSACTION
- control field: 20161017140409.0
008 - FIXED-LENGTH DATA ELEMENTS
- fixed length control field: 161017|| aca||aabn | a|a d
040 ## - CATALOGING SOURCE
- Original cataloging agency: ARRUPE
- Transcribing agency: ARRUPE
150 ## - HEADING--TOPICAL TERM
- Topical term or geographic name as entry element: Bukoba (Tanzania)
- General subdivision: Church history.
670 ## - SOURCE DATA FOUND
- Source citation: Work cat.: (ARRUPE)0: Sundkler, Bengt, 1909-1995. 26168, Bara Bukoba :, c1980.